000 00338nam a22001217a 4500
008 190311b xxu||||| |||| 00| 0 eng d
041 _aeng
080 _a043.3
100 _a0
101 _aSHKI-MA
245 _aZhvillimi i aplikacioneve për krahasimin e performancës së ofruesve të JAVA Persistence API
_cPllana,B
942 _2udc
_cBK
999 _c54683
_d54683